000
00273nam a22001217a 4500
008
171222b xxu||||| |||| 00| 0 eng d
041
_a
eng
080
_a
94
100
_a
16
101
_a
HIS
245
_a
GONA SIT AT THE WELCOME TABLR
_c
BOND.J
942
_2
udc
_c
BK
999
_c
39350
_d
39350